| 000 | 00327nam a22001217a 4500 | ||
|---|---|---|---|
| 020 | _a8121900034 | ||
| 082 |
_222 _a621.136 |
||
| 100 | _aShetty, M. S. | ||
| 245 |
_aConcrete technology : _btheory and practices / |
||
| 260 |
_aNew Delhi, _bS. Chand. _cc2008. |
||
| 300 |
_axxxiii, 624 p. ; _bill. ; _c24 cm. |
||
| 942 |
_2ddc _cCIVIL _06 |
||
| 999 |
_c2346 _d2346 |
||